000 00562nam a2200217Ia 4500
005 20260429112112.0
008 260429s9999||||xx |||||||||||||| ||und||
020 _a9781119605041
041 _aEnglish
082 _a612.76
_bMAC
100 _aMacLaren, Don
245 0 _aBiochemistry for sport and exercise metabolism /
_cDon MacLaren
250 _a2nd ed.
260 _aNew Jersey :
_bWiley,
_c2024.
300 _axiii, 337 p.; pbk
650 _a Biochemistry
650 _a Metabolism
650 _aSport
700 _a Morton, James
942 _cTB
999 _c52364
_d52364